书目信息 |
| 题名: |
恽代英 来鸿去燕录
|
|
| 作者: | 雍桂良 , 张羽 , 姚维斗 编著 | |
| 分册: | ||
| 出版信息: | 北京 北京出版社 1981.05 |
|
| 页数: | 277页 | |
| 开本: | 20cm | |
| 丛书名: | ||
| 单 册: | ||
| 中图分类: | K824.1 | |
| 科图分类: | ||
| 主题词: | 人物--传记--中国 | |
| 电子资源: | ||
| ISBN: | ||
| 000 | 00660nam0 2200229 45 | |
| 001 | 0306121772 | |
| 005 | 20061118165144.84 | |
| 010 | @dCNY0.92 | |
| 091 | @a3071.341 | |
| 100 | @a20030612d1981 km y0chiy0120 ea | |
| 101 | 0 | @achi |
| 105 | @ach z 000yb | |
| 200 | 1 | @a恽代英 来鸿去燕录@AYun Dai Ying Lai Hong Qu Yan Lu@f张羽,姚维斗,雍桂良编著@FZhang Yu,Yao Wei Dou,Yong Gui Liang Bian Zhu |
| 210 | @a北京@c北京出版社@d1981.05 | |
| 215 | @a277页@c冠图,肖像,摹真@d20cm | |
| 606 | 0 | @a人物@x传记@x中国 |
| 690 | @aK824.1@v3 | |
| 701 | 0 | @a雍桂良@4编著 |
| 701 | 0 | @a张羽@4编著 |
| 701 | 0 | @a姚维斗@4编著 |
| 801 | @aCN@bTSTC@c20061118 | |
| 905 | @dK824.1@e21 | |
| 恽代英 来鸿去燕录/张羽,姚维斗,雍桂良编著.-北京:北京出版社,1981.05 |
| 277页:冠图,肖像,摹真;20cm |
| ISBN :CNY0.92 |
| ● |
| 相关链接 |
|
|
|
|
正题名:恽代英 来鸿去燕录
索取号:K824.1/21
 
预约/预借
| 序号 | 登录号 | 条形码 | 馆藏地/架位号 | 状态 | 备注 |
| 1 | 0179365 | 001393049 | 密集书库/ [索取号:K824.1/21] | 在馆 |